Take Me To Snurch - Statistics

General Stats
  • This quiz has been taken 3 times
  • The average score is 4 of 18
Answer Stats
Hint Answer % Correct
My ____'s the sunlight food
67%
If I'm a _____ of the good times snail
67%
___ the whole _____ eat, slice
33%
To keep the food ____ on my side Gods
33%
Something _____ for the main course meaty
33%
What you got in the ______? pantry
33%
That's a fine looking _____ pizza
33%
They demand a ______ sacrifice
33%
Take me to ______ snurch
33%
Get something _____ yummy
33%
Offer me that _________ bread breadless
0%
This is ______ work hangry
0%
That looks _____ plenty
0%
Good God, let me give you a _____ slice
0%
We've a lot of starving _________ snailfolk
0%
I'll worship like a _____ at the shrine of your _____ snail, fries
0%
That looks _____ tasty
0%
I'll give you a ___ so you can fill it with ___ tin, pie
0%
No matching quizzes found
Score Distribution
Percent of People with Each Score
Percentile by Number Answered
Your Score History
You have not taken this quiz